[Event "World Blitz 2023"]
[Site "Samarkand UZB"]
[Date "2023.12.30"]
[Round "13.72"]
[White "Oro, Faustino"]
[Black "Pranav, V"]
[Result "0-1"]
[WhiteElo "2105"]
[BlackElo "2562"]
[EventDate "2023.12.29"]

1. e4 e5 2. Nf3 Nc6 3. Bb5 a6 4. Ba4 d6 5. O-O Bd7 6. c3 g5 7. d4 g4 8. Ne1
h5 9. d5 Nce7 10. f4 exf4 11. Bxf4 Ng6 12. Be3 Bg7 13. Bd4 Bxd4+ 14. Qxd4
b5 15. Bc2 Qg5 16. Nd3 N8e7 17. a4 O-O 18. axb5 axb5 19. Rxa8 Rxa8 20. Na3
g3 21. hxg3 f5 22. e5 Qxg3 23. e6 Be8 24. Nf4 Ne5 25. Ne2 Qg5 26. Bd3 Ra4
27. c4 bxc4 28. Bc2 Rb4 29. Nf4 h4 30. Qc3 Rb8 31. Nxc4 Nxc4 32. Qxc4 Bb5
33. Qxc7 Rc8 0-1

[Event "World Blitz 2023"]
[Site "Samarkand UZB"]
[Date "2023.12.30"]
[Round "13.73"]
[White "Kuandykuly, Danis"]
[Black "Gallego Alcaraz, Andres Felipe"]
[Result "0-1"]
[WhiteElo "1718"]
[BlackElo "2384"]
[EventDate "2023.12.29"]

1. e4 c5 2. Nf3 Nc6 3. d4 cxd4 4. Nxd4 Nf6 5. Nc3 d6 6. Bg5 e6 7. Qd2 Qb6
8. Nb3 Be7 9. O-O-O O-O 10. f4 Rd8 11. Bd3 a6 12. g4 d5 13. e5 Ne4 14. Bxe4
dxe4 15. Qe2 Bxg5 16. fxg5 e3 17. Kb1 Bd7 18. Rd3 Nxe5 19. Rxe3 Nc4 20. Rh3
Bc6 21. Rf1 Nd6 22. Qe5 Bb5 23. Re1 Qf2 24. g6 hxg6 25. Nd4 Nc4 26. Qg5
Qxe1+ 27. Qc1 Nd2+ 0-1

[Event "World Blitz 2023"]
[Site "Samarkand UZB"]
[Date "2023.12.30"]
[Round "13.74"]
[White "Amangeldy, Ernur"]
[Black "Nafri, Khalil"]
[Result "1-0"]
[WhiteElo "2144"]
[BlackElo "2151"]
[EventDate "2023.12.29"]

1. d4 Nf6 2. c4 g6 3. Nc3 Bg7 4. e4 d6 5. Be2 O-O 6. Nf3 e5 7. d5 Na6 8.
Be3 Nc5 9. Nd2 a5 10. Qc2 Bd7 11. b3 Ne8 12. f3 f5 13. O-O-O Na6 14. a3 c5
15. dxc6 bxc6 16. c5 Qe7 17. Nc4 dxc5 18. Nb6 Nb4 19. axb4 axb4 20. Rxd7
Qf6 1-0

[Event "World Blitz 2023"]
[Site "Samarkand UZB"]
[Date "2023.12.30"]
[Round "13.75"]
[White "Harutyunyan, Tigran K."]
[Black "Ilkhomi, Jaloliddin"]
[Result "1-0"]
[WhiteElo "2407"]
[BlackElo "2054"]
[EventDate "2023.12.29"]

1. c4 Nf6 2. Nc3 e6 3. e4 d5 4. e5 d4 5. exf6 dxc3 6. fxg7 cxd2+ 7. Bxd2
Bxg7 8. Qb3 c5 9. Bc3 Bxc3+ 10. Qxc3 Qd4 11. Qxd4 cxd4 12. Nf3 Nc6 13.
O-O-O e5 14. Nxe5 Nxe5 15. Re1 f6 16. f4 Kf7 17. fxe5 Re8 18. Bd3 Rxe5 19.
Bxh7 Be6 20. Bd3 Rc8 21. Kd2 Bxc4 22. Rc1 Be6 23. Rxc8 Bxc8 24. Rc1 Bg4 25.
h3 Bf5 26. Rc7+ Ke6 27. Rxb7 Bxd3 28. Kxd3 Re3+ 29. Kxd4 Rg3 30. Rxa7 Rxg2
31. b4 Rh2 32. b5 Rxh3 33. a4 f5 34. b6 Kd6 35. a5 Ra3 36. b7 Kc7 37. a6
Rb3 38. Ra8 Rb4+ 39. Kc3 Rb6 40. Rc8+ 1-0

[Event "World Blitz 2023"]
[Site "Samarkand UZB"]
[Date "2023.12.30"]
[Round "13.76"]
[White "Yonal, Timur"]
[Black "Kuziev, Miraziz"]
[Result "0-1"]
[WhiteElo "1862"]
[BlackElo "2196"]
[EventDate "2023.12.29"]

1. e4 e5 2. Nf3 Nc6 3. Bb5 a6 4. Ba4 Nf6 5. O-O d6 6. d3 Bd7 7. c3 g6 8.
Re1 Bg7 9. d4 O-O 10. h3 Qe8 11. Bc2 h6 12. Nbd2 Qc8 13. Nf1 Rd8 14. d5 Ne7
15. c4 Rf8 16. b4 a5 17. Ba3 axb4 18. Bxb4 b6 19. a4 Nh7 20. a5 bxa5 21.
Rxa5 Rxa5 22. Bxa5 f5 23. Bb4 Qb7 24. Qd2 Qa7 25. Qc3 Nf6 26. N1d2 Rb8 27.
c5 fxe4 28. Nxe4 Nfxd5 29. Bb3 Be6 30. Bxd5 Nxd5 31. Qa3 Qxa3 32. Bxa3 Rb3
33. Ra1 dxc5 34. Nxc5 Rb6 35. Re1 Bf8 36. Nxe5 Bf5 37. Ncd7 Bxa3 38. Nxb6
cxb6 39. Nc6 Bc5 40. Re5 Nf4 41. Re8+ Kf7 42. Rb8 Be4 43. Nd8+ Kf6 44. Nb7
Bxg2 45. Nxc5 bxc5 46. Rc8 Bxh3 47. Rxc5 Bf5 48. Rc6+ Kg5 49. Kh2 h5 50.
Rc3 Nd5 51. Rb3 Nf6 52. f3 Kf4 53. Kg2 h4 54. Rb4+ Kg5 55. Ra4 Nd5 56. Rd4
Ne3+ 57. Kf2 Nc2 58. Rc4 h3 59. Kg3 Ne1 60. Rc1 Nd3 61. Rc3 Nf4 62. Kh2 Ne2
63. Re3 Nd4 64. Kg3 Ne6 65. Rc3 Nf4 66. Ra3 Nh5+ 67. Kh2 Kf4 68. Rb3 Nf6
69. Rc3 Nd7 70. Rb3 Ne5 71. Rb4+ Kxf3 72. Rb5 Ng4+ 73. Kg1 Kg3 74. Rb3+ Kh4
75. Rb4 Be6 76. Rb5 g5 77. Rc5 Bb3 78. Rb5 Bd1 79. Rf5 Kg3 80. Rxg5 h2+ 81.
Kh1 Bf3# 0-1

[Event "World Blitz 2023"]
[Site "Samarkand UZB"]
[Date "2023.12.30"]
[Round "13.77"]
[White "Khusenkhojaev, Mustafokhuja"]
[Black "Sklokin, Sergey"]
[Result "0-1"]
[WhiteElo "2082"]
[BlackElo "1995"]
[EventDate "2023.12.29"]

1. d4 d5 2. Nf3 e6 3. c4 c5 4. cxd5 exd5 5. g3 Nc6 6. Bg2 Nf6 7. O-O Be7 8.
Nc3 O-O 9. Bg5 c4 10. Ne5 Be6 11. f4 h6 12. Bxf6 Bxf6 13. f5 Bc8 14. Nxd5
Nxe5 15. dxe5 Bxe5 16. Qa4 Bxb2 17. Rad1 Qg5 18. Qxc4 Be5 19. Qe4 Bd6 20.
f6 Qe5 21. Ne7+ Kh8 22. fxg7+ Kxg7 23. Nf5+ Bxf5 24. Rxf5 Qxe4 25. Bxe4
Rad8 26. Kg2 b6 27. Bd5 Bc5 28. e4 f6 29. g4 Rfe8 30. h4 Rxe4 31. g5 hxg5
32. hxg5 Rg4+ 33. Kf3 Rxg5 34. Rxg5+ fxg5 35. Ke4 Rf8 36. Be6 Rf6 37. Rd7+
Kg6 38. Bh3 a5 39. Rb7 Rf4+ 40. Ke5 Bd4+ 41. Kd5 g4 42. Bg2 Bc5 43. Be4+
Kg5 44. Ke5 Rf8 45. Rg7+ Kh4 46. Bf5 Bd4+ 47. Kxd4 Rxf5 48. Rh7+ Kg3 49.
Rh6 Rb5 50. Ke4 Kg2 51. Rg6 g3 52. a3 Kf2 53. Rc6 g2 54. Rc2+ Kg3 55. Rc3+
Kh2 56. Rc2 Rc5 57. Rb2 Kh1 58. Kd4 0-1

[Event "World Blitz 2023"]
[Site "Samarkand UZB"]
[Date "2023.12.30"]
[Round "13.78"]
[White "Tregubenko, Nikolay"]
[Black "Bogdan, David"]
[Result "1/2-1/2"]
[WhiteElo "1955"]
[BlackElo "1880"]
[EventDate "2023.12.29"]

1. e4 c5 2. Nf3 Nc6 3. d4 cxd4 4. Nxd4 Nf6 5. Nc3 e5 6. Ndb5 d6 7. Bg5 a6
8. Na3 b5 9. Nd5 Be7 10. Bxf6 Bxf6 11. c3 Bg5 12. Nc2 Rb8 13. Be2 O-O 14.
O-O Be6 15. Nce3 Ne7 16. Qd3 Nxd5 17. Nxd5 Bxd5 18. Qxd5 Qc7 19. Rfd1 Be7
20. g3 Qb7 21. Qxb7 Rxb7 22. Rd2 f5 23. exf5 Rxf5 24. a4 Rf8 25. axb5 axb5
26. Ra5 Rfb8 27. Bf3 Rc7 28. Bd5+ Kf8 29. Rd1 Bd8 30. Ra6 Rc5 31. Rxd6 Be7
32. Rc6 Rc8 33. Rxc8+ Rxc8 34. Ra1 Bc5 35. Kg2 b4 36. c4 Ke7 37. b3 Rf8 38.
Ra2 Kd6 39. f3 Ke7 40. Ra5 Rc8 41. Rb5 Rc7 42. Rb8 Kd6 43. Re8 Ra7 44. Re6+
Kd7 45. Rxe5 Ra2+ 46. Kh3 Bg1 47. Kg4 Rb2 48. Re1 Bf2 49. Rf1 Bc5 50. Ra1
Rxb3 51. Ra6 Rc3 52. Ra5 Bd6 53. Rb5 b3 54. Rb7+ Bc7 55. c5 Rxc5 56. Bxb3
Ra5 57. Bc2 h6 58. Bf5+ Kc6 59. Rb4 h5+ 60. Kg5 Bd8+ 61. Kg6 Bf6 62. Rc4+
Kd6 63. Re4 Ra2 64. h4 Rg2 65. g4 hxg4 66. fxg4 Bxh4 67. Kxg7 Bf2 68. Kg6
Bh4 69. Re6+ Kd5 70. Re8 Rb2 71. Rh8 Be7 72. Kf7 Bg5 73. Rg8 Bh4 74. g5 Ke5
75. Bd3 Rb7+ 76. Kg6 Rb3 77. Bc2 Rb2 78. Bd3 Rd2 79. Ba6 Rg2 80. Kh5 Rxg5+
81. Rxg5+ Bxg5 1/2-1/2

[Event "World Blitz 2023"]
[Site "Samarkand UZB"]
[Date "2023.12.30"]
[Round "14.1"]
[White "Carlsen, Magnus"]
[Black "Sarana, Alexey"]
[Result "1-0"]
[WhiteElo "2887"]
[BlackElo "2707"]
[EventDate "2023.12.29"]

1. e4 c5 2. Nf3 d6 3. Nc3 Nf6 4. Be2 a6 5. O-O b5 6. d4 cxd4 7. Nxd4 Bb7 8.
Bf3 Nbd7 9. a4 bxa4 10. Rxa4 e6 11. Rb4 Nc5 12. Rxb7 Nxb7 13. e5 dxe5 14.
Bc6+ Nd7 15. Nxe6 fxe6 16. Qh5+ Ke7 17. Bxb7 Rb8 18. Rd1 Qc7 19. Bxa6 Nf6
20. Qe2 Kf7 21. Ne4 Nxe4 22. Qxe4 Be7 23. Bd3 Rb4 24. Qf3+ Bf6 25. c3 Ra4
26. Bc2 Ra1 27. g3 Rd8 28. Re1 h6 29. Kg2 Qd7 30. h4 Ke7 31. Be4 Qb5 32. g4
Bxh4 33. Bg5+ hxg5 34. Rxa1 Rd2 35. Ra7+ Rd7 36. Bc6 1-0

[Event "World Blitz 2023"]
[Site "Samarkand UZB"]
[Date "2023.12.30"]
[Round "14.2"]
[White "Artemiev, Vladislav"]
[Black "Vachier-Lagrave, Maxime"]
[Result "1/2-1/2"]
[WhiteElo "2799"]
[BlackElo "2748"]
[EventDate "2023.12.29"]

1. Nf3 d5 2. g3 g6 3. Bg2 Bg7 4. O-O e5 5. d3 Nc6 6. Nc3 Nge7 7. e4 O-O 8.
Re1 dxe4 9. dxe4 Bg4 10. Be3 Nd4 11. h3 Nxf3+ 12. Bxf3 Bxh3 13. Qxd8 Rfxd8
14. g4 f5 15. gxf5 gxf5 16. Kh2 fxe4 17. Bxe4 Be6 18. Bxb7 Rab8 19. Be4
Rxb2 20. Bxa7 Bh6 21. Be3 Bxe3 22. Rxe3 Bf5 23. Rb1 Rxb1 24. Nxb1 Bxe4 25.
Rxe4 Rd1 26. Rxe5 Nc6 27. Rg5+ Kf8 28. Rg1 Rd4 29. Nc3 Rc4 30. Rg3 Nb4 31.
a4 Nxc2 32. Rf3+ Ke8 33. a5 Nb4 1/2-1/2

[Event "World Blitz 2023"]
[Site "Samarkand UZB"]
[Date "2023.12.30"]
[Round "14.5"]
[White "Nepomniachtchi, Ian"]
[Black "Shimanov, Aleksandr"]
[Result "1-0"]
[WhiteElo "2795"]
[BlackElo "2611"]
[EventDate "2023.12.29"]

1. e4 e6 2. d4 d5 3. Nd2 c5 4. exd5 Qxd5 5. Ngf3 cxd4 6. Bc4 Qd6 7. O-O Nf6
8. Nb3 Nc6 9. Nbxd4 Nxd4 10. Nxd4 Be7 11. c3 O-O 12. Qe2 Bd7 13. Bg5 Rfe8
14. Rad1 Qb6 15. h3 Rad8 16. Bb3 Qc5 17. Be3 Qh5 18. Qxh5 Nxh5 19. Nf3 b6
20. Ne5 Nf6 21. Bg5 Bc8 22. Nc6 Rd7 23. Ba4 Bc5 24. Nd4 Bxd4 25. Bxd7 Bxf2+
26. Rxf2 Nxd7 27. Rfd2 f6 28. Be3 Ne5 29. b3 Kf7 30. c4 Nc6 31. Rd6 Bb7 32.
Bc1 Re7 33. Ba3 Ke8 34. Kf2 e5 35. Rxc6 Bxc6 36. Bxe7 Kxe7 37. b4 f5 38. c5
bxc5 39. bxc5 f4 40. Rd6 Bd7 41. Ra6 e4 42. Rxa7 Ke6 43. Ra6+ Ke5 44. c6
e3+ 45. Ke1 Bf5 46. Ra5+ 1-0

[Event "World Blitz 2023"]
[Site "Samarkand UZB"]
[Date "2023.12.30"]
[Round "14.7"]
[White "Mamedyarov, Shakhriyar"]
[Black "Svidler, Peter"]
[Result "0-1"]
[WhiteElo "2716"]
[BlackElo "2689"]
[EventDate "2023.12.29"]

1. d4 Nf6 2. c4 g6 3. g3 c6 4. Bg2 d5 5. Qa4 dxc4 6. Qxc4 Bg7 7. Nf3 O-O 8.
O-O Bf5 9. Nc3 Nbd7 10. Re1 Ne4 11. Bf4 Qa5 12. Qb3 Nb6 13. Ne5 Nxc3 14.
bxc3 Be6 15. Qc2 Rac8 16. Rab1 c5 17. Bxb7 cxd4 18. Nc6 Rxc6 19. Bxc6 dxc3
20. a4 Nc4 21. Rb3 Qc5 22. Bf3 Na3 23. Qa2 Bxb3 24. Qxb3 Nc4 25. Rc1 Rd8
26. h4 h5 27. Kg2 Nd2 28. Bxd2 Rxd2 29. Rc2 Rd8 30. Qb5 Qxb5 31. axb5 e6
32. Be4 Rd4 33. Bd3 Ra4 34. Kf3 Kf8 35. e3 Ke7 36. Kg2 Kd6 37. Rc1 Kc5 38.
Kf3 Ra2 39. Kg2 Rd2 40. Be4 f5 41. Bc2 Kxb5 42. Bb3 Kb4 43. Rb1 Rb2 0-1

[Event "World Blitz 2023"]
[Site "Samarkand UZB"]
[Date "2023.12.30"]
[Round "14.8"]
[White "Murzin, Volodar"]
[Black "Caruana, Fabiano"]
[Result "0-1"]
[WhiteElo "2591"]
[BlackElo "2815"]
[EventDate "2023.12.29"]

1. d4 Nf6 2. Nc3 d5 3. Bf4 a6 4. e3 e6 5. g4 Bd6 6. Bg3 c5 7. g5 Ng8 8. Nf3
Nc6 9. dxc5 Bxc5 10. Bd3 Nge7 11. h4 Bd6 12. Rg1 e5 13. e4 d4 14. Nb1 Bg4
15. Nbd2 O-O 16. a3 b5 17. Qe2 Ng6 18. O-O-O Qe7 19. h5 Bxh5 20. Qf1 Bxa3
21. Qh3 Qb4 22. Nb3 Bxf3 23. Rh1 Rfc8 24. Qxh7+ Kf8 25. bxa3 Qxa3+ 26. Kd2
Na5 27. Bxe5 Qb4+ 28. Kc1 Nxb3+ 29. Kb1 Nxe5 30. Qh8+ Ke7 31. Qxg7 Nd2+ 32.
Ka2 Qa4+ 0-1

[Event "World Blitz 2023"]
[Site "Samarkand UZB"]
[Date "2023.12.30"]
[Round "14.9"]
[White "Mamedov, Rauf"]
[Black "Aronian, Levon"]
[Result "0-1"]
[WhiteElo "2635"]
[BlackElo "2772"]
[EventDate "2023.12.29"]

1. e4 c5 2. Nf3 e6 3. c3 d5 4. exd5 Qxd5 5. d4 Nf6 6. Na3 Nc6 7. Nb5 Qd8 8.
dxc5 Bxc5 9. Qxd8+ Kxd8 10. b4 Be7 11. a3 a6 12. Nbd4 Nxd4 13. Nxd4 Bd7 14.
Be2 Nd5 15. c4 Bf6 16. Bb2 Nf4 17. Bf1 Rc8 18. g3 Ng6 19. c5 Ba4 20. Bg2
Kc7 21. Bc3 Rcd8 22. Ne2 Ne5 23. O-O Bb5 24. Rfe1 Nd3 25. Reb1 Bc6 26. Bxc6
bxc6 27. Rd1 Rd7 28. a4 Bxc3 29. Nxc3 Nxb4 30. Rxd7+ Kxd7 31. Ne4 Rb8 32.
Nd6 f6 33. Nc4 Nd5 34. a5 Rb5 35. Nb6+ Kc7 36. Re1 e5 37. f4 Rxa5 38. fxe5
fxe5 39. Nc4 Rxc5 40. Nxe5 a5 41. Rf1 Nf6 42. Nd3 Rc3 43. Nf4 a4 44. Ne6+
Kb6 45. Nxg7 Nd5 46. Ne6 a3 47. Nd4 c5 48. Rb1+ Nb4 49. Ne2 Rc2 50. Nc1 Rb2
51. Ra1 Nc2 0-1

[Event "World Blitz 2023"]
[Site "Samarkand UZB"]
[Date "2023.12.30"]
[Round "14.10"]
[White "Tabatabaei, M. Amin"]
[Black "Rapport, Richard"]
[Result "1-0"]
[WhiteElo "2573"]
[BlackElo "2748"]
[EventDate "2023.12.29"]

1. e4 c6 2. Nf3 d5 3. Nc3 dxe4 4. Nxe4 Nf6 5. Qe2 Na6 6. Nxf6+ gxf6 7. g3
Qd5 8. Bg2 Qe6 9. Qxe6 Bxe6 10. a3 Bd5 11. O-O h5 12. Re1 e6 13. b4 Nc7 14.
Bb2 Rh6 15. d3 a5 16. c3 Be7 17. h4 Rg6 18. c4 Bxf3 19. Bxf3 Rh6 20. Bc3
axb4 21. axb4 Rxa1 22. Rxa1 Kd7 23. Kg2 Rh8 24. Ra7 Kc8 25. b5 Kb8 26. b6
Bd6 27. Bxf6 Rg8 28. bxc7+ Kxa7 29. Bd8 1-0

[Event "World Blitz 2023"]
[Site "Samarkand UZB"]
[Date "2023.12.30"]
[Round "14.11"]
[White "Nesterov, Arseniy"]
[Black "Salem, A.R. Saleh"]
[Result "1-0"]
[WhiteElo "2488"]
[BlackElo "2668"]
[EventDate "2023.12.29"]

1. d4 Nf6 2. c4 g6 3. Nc3 Bg7 4. e4 d6 5. Be2 O-O 6. Be3 c5 7. d5 e6 8. Nf3
exd5 9. cxd5 Nbd7 10. Nd2 Ne5 11. h3 Ne8 12. O-O f5 13. f4 Nf7 14. exf5
Bxf5 15. Nc4 Nc7 16. a4 Re8 17. Bf2 Na6 18. Bd3 Bxd3 19. Qxd3 Nb4 20. Qd2
Qd7 21. Rae1 Rad8 22. b3 a6 23. Ne4 b5 24. Ncxd6 Nxd6 25. Nxc5 Qf5 26. Qxb4
Qxd5 27. Nxa6 Re4 28. Rxe4 Nxe4 29. Qxb5 Qf7 30. Qc4 Nd2 31. Qxf7+ Kxf7 32.
Rc1 Nxb3 33. Rc7+ Kg8 34. Nc5 Rd1+ 35. Kh2 Nd2 36. g4 Bf8 37. Ne6 Bd6 38.
Rg7+ Kh8 39. Rd7 Bxf4+ 40. Kg2 1-0

[Event "World Blitz 2023"]
[Site "Samarkand UZB"]
[Date "2023.12.30"]
[Round "14.12"]
[White "Narayanan, S L"]
[Black "Praggnanandhaa, R"]
[Result "1/2-1/2"]
[WhiteElo "2564"]
[BlackElo "2665"]
[EventDate "2023.12.29"]

1. e4 e5 2. Nf3 Nc6 3. Bb5 Nge7 4. Nc3 Ng6 5. h4 Be7 6. h5 Nh4 7. Nxh4 Bxh4
8. Bxc6 dxc6 9. d3 Be6 10. h6 g6 11. Be3 Bg5 12. Qd2 Bxe3 13. Qxe3 Qd6 14.
O-O-O c5 15. Rdf1 O-O-O 16. f4 exf4 17. Qxf4 Qxf4+ 18. Rxf4 c4 19. dxc4
Bxc4 20. e5 Be6 21. b3 g5 22. Ra4 a6 23. Ne4 Rd5 24. Nxg5 Rxe5 25. Nxe6
Rxe6 26. Rf4 Rf8 27. Rhf1 f6 28. Rg4 f5 29. Rgf4 Rxh6 30. Rxf5 Rxf5 1/2-1/2

[Event "World Blitz 2023"]
[Site "Samarkand UZB"]
[Date "2023.12.30"]
[Round "14.13"]
[White "Sjugirov, Sanan"]
[Black "Radjabov, Teimour"]
[Result "1/2-1/2"]
[WhiteElo "2569"]
[BlackElo "2664"]
[EventDate "2023.12.29"]

1. e4 e5 2. Nf3 Nf6 3. Nxe5 d6 4. Nf3 Nxe4 5. Nc3 Nf6 6. d4 Be7 7. Bd3 O-O
8. O-O Bg4 9. h3 Bh5 10. Re1 Nc6 11. g4 Bg6 12. Bxg6 hxg6 13. d5 Nb8 14.
Bf4 Nbd7 15. Qd2 Re8 16. Re2 Bf8 17. Rxe8 Qxe8 18. Re1 Qd8 19. Ng5 Nb6 20.
Nge4 Nxe4 21. Nxe4 Qd7 22. b3 Re8 23. c4 Qc8 24. Re3 Nd7 25. Qe2 Ne5 26.
Bg3 a6 27. a4 Nd7 28. h4 Qd8 29. h5 gxh5 30. gxh5 f5 31. Nd2 Rxe3 32. Qxe3
Qf6 33. Nf3 Nc5 34. Bh4 Qf7 35. Bd8 Qxh5 36. Bxc7 Qg4+ 37. Kf1 Ne4 38. Ba5
Be7 39. Be1 Bf6 40. Ke2 Bg5 41. Qd3 Bf4 42. Kd1 Qh5 43. Kc2 Kf7 44. Nd4 g6
45. Ne6 Be5 46. Qe3 Qh1 47. Nd8+ Kf6 48. Nxb7 f4 49. Qe2 Kf5 50. Nd8 g5 51.
Nc6 g4 52. b4 Bf6 53. b5 axb5 54. cxb5 Qh3 55. Qd3 Qh1 56. Qe2 Qh3 57. Qd3
Qh1 58. Qe2 Qh3 1/2-1/2

[Event "World Blitz 2023"]
[Site "Samarkand UZB"]
[Date "2023.12.30"]
[Round "14.14"]
[White "Tomashevsky, Evgeny"]
[Black "Makhnev, Denis"]
[Result "1/2-1/2"]
[WhiteElo "2663"]
[BlackElo "2528"]
[EventDate "2023.12.29"]

1. e4 e5 2. Nf3 Nc6 3. Bb5 a6 4. Ba4 Nf6 5. O-O Be7 6. d3 b5 7. Bb3 O-O 8.
a4 Bb7 9. Re1 d6 10. Nbd2 Na5 11. Ba2 c5 12. c3 Qd7 13. h3 h6 14. Nf1 bxa4
15. Ne3 Rfe8 16. Nd2 Bf8 17. Bb1 Bc6 18. Bc2 d5 19. Bxa4 Re6 20. Bxc6 Nxc6
21. Qf3 d4 22. Nd5 Rd8 23. c4 a5 24. Nf1 Ne8 25. Ng3 g6 26. Bd2 Qb7 27.
Bxa5 Ra8 28. Bd2 Rxa1 29. Rxa1 Qxb2 30. Qd1 Nb4 31. Ra8 Kh7 32. Bxb4 cxb4
33. Qf3 Kg7 34. Kh2 h5 35. Nf5+ Kh8 36. Nh6 Bxh6 37. Qxf7 Qd2 38. Rxe8+
Rxe8 39. Qxe8+ Kg7 40. Qxe5+ Kg8 41. Qe8+ Kg7 42. Qe7+ Kh8 43. Qf6+ Kh7 44.
g3 b3 45. Qf7+ Bg7 46. Ne7 Qg5 47. Nd5 b2 48. Qb7 Qd2 49. Kg2 Qc2 50. Nf6+
Kh6 51. Ng8+ Kh7 52. Nf6+ Kh6 53. Ng8+ Kh7 54. Nf6+ Kh6 1/2-1/2

[Event "World Blitz 2023"]
[Site "Samarkand UZB"]
[Date "2023.12.30"]
[Round "14.15"]
[White "Maghsoodloo, Parham"]
[Black "Tsydypov, Zhamsaran"]
[Result "1/2-1/2"]
[WhiteElo "2660"]
[BlackElo "2626"]
[EventDate "2023.12.29"]

1. c4 Nf6 2. Nc3 g6 3. g3 Bg7 4. Bg2 O-O 5. Nf3 c6 6. b3 d5 7. Bb2 Re8 8.
d4 Be6 9. Nd2 Nbd7 10. O-O Nb6 11. c5 Nbd7 12. h3 h5 13. b4 Bf5 14. f4 a5
15. a3 Qc8 16. e3 Nf8 17. Kh2 axb4 18. axb4 Rxa1 19. Qxa1 N6d7 20. Nf3 f6
21. Re1 Be4 22. Nxe4 dxe4 23. Qa2+ Kh7 24. Nd2 f5 25. Nc4 Nf6 26. Nb6 Qd8
27. Bf1 e6 28. b5 h4 29. bxc6 hxg3+ 30. Kg2 bxc6 31. Qa4 g5 32. fxg5 Nh5
33. Qxc6 Ng6 34. Be2 Nh4+ 35. Kg1 Qxg5 36. Nc4 Rb8 37. Bc1 Rb1 38. Bd2
Rxe1+ 39. Bxe1 Nf4 40. Bg4 fxg4 41. Qxe4+ Nfg6 42. hxg4 g2 43. c6 Qf6 44.
Bf2 Nf3+ 45. Kxg2 Ng5 46. Qd3 Qf3+ 47. Kf1 Qxc6 48. Nd2 Qh1+ 49. Ke2 Qh3
50. d5 Qxg4+ 51. Ke1 exd5 52. Qxd5 Ne5 53. Qh1+ Kg6 54. Qd5 Qf5 55. Ke2
Qg4+ 56. Ke1 Qb4 57. Ke2 Qb6 58. Bg3 Qa6+ 59. Kd1 Qa1+ 60. Ke2 Qa6+ 61. Kd1
Ng4 62. Bf4 Qa1+ 63. Ke2 Qa6+ 64. Qd3+ Qxd3+ 65. Kxd3 Ne6 66. Ke4 Bc3 67.
Nc4 Nf6+ 68. Kd3 Bb4 69. Bd6 Be1 70. Ke2 Bh4 71. Ne5+ Kf5 72. Nf3 1/2-1/2

[Event "World Blitz 2023"]
[Site "Samarkand UZB"]
[Date "2023.12.30"]
[Round "14.16"]
[White "Giri, Anish"]
[Black "Indjic, Aleksandar"]
[Result "0-1"]
[WhiteElo "2731"]
[BlackElo "2631"]
[EventDate "2023.12.29"]

1. Nf3 d5 2. d4 Bf5 3. c4 e6 4. Nc3 Nf6 5. Bg5 c6 6. e3 Nbd7 7. Bd3 Bg6 8.
O-O Be7 9. Qe2 Ne4 10. Bxe7 Qxe7 11. Nd2 Ndf6 12. cxd5 exd5 13. Bxe4 dxe4
14. Nc4 O-O 15. Ne5 Bf5 16. Rac1 Rad8 17. Qc4 Nd5 18. Nxd5 Rxd5 19. Qe2 Be6
20. f3 exf3 21. Nxf3 Rd6 22. a3 Bg4 23. Qd2 f6 24. h3 Bxf3 25. Rxf3 Re8 26.
Qf2 Qe4 27. Kh2 Rd7 28. Rc5 Qd3 29. Rc3 Qd1 30. Rg3 Kh8 31. Rc5 Qd3 32. Rf5
Rf7 33. Rf4 Re4 34. Qf3 Re8 35. Qh5 g6 36. Qf3 Kg7 37. Qf2 Re4 38. Rgf3 f5
39. Qg3 Rxf4 40. Qxf4 Re7 41. Qd6 Qe4 42. b4 Qe6 43. Qf4 Qd7 44. Qg3 Re4
45. Rf4 Re7 46. Rf3 a6 47. Rf4 Qd6 48. Rf3 Qxg3+ 49. Kxg3 Kf6 50. Kf2 Kg5
51. g3 Re8 52. Ke2 a5 53. Kd3 axb4 54. axb4 Ra8 55. Kc4 Ra3 56. Kc5 Rb3 57.
Kc4 Rb1 58. Rf2 Rc1+ 59. Kd3 Rg1 60. Rf3 h5 61. Kc4 Rc1+ 62. Kd3 b5 63. Rf2
Rc4 64. Rb2 h4 65. gxh4+ Kxh4 66. Rg2 g5 67. Rf2 Kxh3 68. Rxf5 g4 69. Rh5+
Kg2 70. e4 Rxb4 71. e5 Ra4 72. e6 Ra8 73. d5 cxd5 74. Kd4 b4 75. Kxd5 b3
76. Kd6 Rb8 77. e7 b2 78. Rb5 Rxb5 79. e8=Q Rb6+ 80. Kc5 b1=Q 81. Qe2+ Kh3
82. Qe3+ g3 0-1

[Event "World Blitz 2023"]
[Site "Samarkand UZB"]
[Date "2023.12.30"]
[Round "14.17"]
[White "Andreikin, Dmitry"]
[Black "Terry, Renato"]
[Result "1-0"]
[WhiteElo "2741"]
[BlackElo "2578"]
[EventDate "2023.12.29"]

1. d4 e6 2. Nf3 Nf6 3. e3 b6 4. Bd3 Bb7 5. O-O d6 6. Nc3 Nbd7 7. e4 e5 8.
Re1 Be7 9. a4 a6 10. Bg5 O-O 11. Qe2 Nh5 12. Be3 g6 13. Rad1 Bf6 14. Nd5
Bxd5 15. exd5 Re8 16. Bxa6 exd4 17. Nxd4 Nf4 18. Qf1 Be5 19. Bb5 Rf8 20.
Nc6 Qf6 21. g3 Nh5 22. c3 Qg7 23. Ne7+ Kh8 24. Bxd7 f5 25. Bc6 Rad8 26. Bd4
f4 27. Qh3 Qxe7 28. Qe6 Rf7 29. Bxe5+ dxe5 30. Qxe5+ Qf6 31. b4 fxg3 32.
hxg3 Rdf8 33. Rd2 Qxe5 34. Rxe5 Nf6 35. a5 Ng4 36. Ree2 Rf3 37. a6 Rxc3 38.
a7 Rc1+ 39. Kg2 Ra1 40. Ra2 Rxa2 41. Rxa2 Kg7 42. a8=Q 1-0

[Event "World Blitz 2023"]
[Site "Samarkand UZB"]
[Date "2023.12.30"]
[Round "14.18"]
[White "Yakubboev, Nodirbek"]
[Black "Abdusattorov, Nodirbek"]
[Result "0-1"]
[WhiteElo "2582"]
[BlackElo "2694"]
[EventDate "2023.12.29"]

1. d4 Nf6 2. c4 e6 3. Nf3 d5 4. Nc3 Be7 5. Bf4 O-O 6. e3 Nbd7 7. c5 Nh5 8.
Bd3 Nxf4 9. exf4 b6 10. b4 a5 11. a3 c6 12. O-O Qc7 13. g3 Ba6 14. h4 Bxd3
15. Qxd3 b5 16. Qe2 Bf6 17. Ra2 Ra7 18. Rfa1 Rfa8 19. Kg2 h5 20. Ne5 g6 21.
Qd2 Kg7 22. Nf3 Ra6 23. Nd1 R8a7 24. Qb2 Qb7 25. Nc3 Qa8 26. Kf1 Kg8 27.
Kg2 Bg7 28. Kf1 Nf6 29. Ne5 Ng4 30. Qe2 Nh6 31. Qd2 Nf5 32. Kg2 Bxe5 33.
dxe5 d4 34. Ne4 axb4 35. Qxb4 Ra4 36. Qb3 b4 37. Nf6+ Kg7 38. g4 Nxh4+ 39.
Kg3 Rxa3 40. Rxa3 Rxa3 41. Kxh4 Rxa1 42. gxh5 Rh1+ 43. Kg4 Qa3 44. Ne8+ Kf8
0-1

[Event "World Blitz 2023"]
[Site "Samarkand UZB"]
[Date "2023.12.30"]
[Round "14.19"]
[White "Sadhwani, Raunak"]
[Black "Vakhidov, Jakhongir"]
[Result "1-0"]
[WhiteElo "2668"]
[BlackElo "2574"]
[EventDate "2023.12.29"]

1. c4 g6 2. Nc3 c5 3. g3 Bg7 4. Bg2 Nc6 5. d3 d6 6. Qd2 Nf6 7. b3 O-O 8.
Bb2 e6 9. e4 Re8 10. Nge2 d5 11. O-O dxe4 12. Nxe4 Nxe4 13. Bxe4 Bxb2 14.
Qxb2 e5 15. Nc3 Nd4 16. Rfe1 Bg4 17. Re3 Rb8 18. Rae1 Be6 19. h4 Kg7 20.
Bd5 Bg4 21. Rxe5 Rxe5 22. Rxe5 Qf6 23. Re3 Ne2+ 24. Rxe2 Bxe2 25. Qd2 Bf3
26. Bxf3 Qxf3 27. Ne4 Re8 28. Qc3+ f6 29. Qa5 Re7 30. Qd8 Rf7 31. Nd6 Rf8
32. Qe7+ Kg8 33. Nxb7 Qd1+ 34. Kg2 Qxd3 35. Nxc5 Qd8 36. Qxa7 Rf7 37. Qa6
h5 38. Qc6 Kh7 39. Ne4 Qd4 40. a4 Kg7 41. a5 Re7 42. Nc5 Kf7 43. a6 Re2 44.
Qb7+ Kg8 45. Qd5+ Qxd5+ 46. cxd5 Ra2 47. b4 Kf7 48. b5 Ke7 49. b6 Kd6 50.
a7 Kxd5 1-0